000 00468nam a2200205Ia 4500
008 240510s9999 xx 000 0 und d
020 _a0000205163785
041 _aEng
082 _a658.8
082 _bM55
100 _aMONDY,R. WAYNE
245 0 _aMANAGEMENT: CONCEPTS,PRACTICES , AND SKILLS
250 _a7th ed.
260 _bPRENTICE HALL : NEWJERSEY
260 _c1995
300 _a721 p.
650 _aMANAGEMENT
942 _2ddc
942 _cLBK
999 _c24152
_d24152
945 _a1
_bMadushi Gamage
_c1
_dMadushi Gamage